[Event "Perenyi Bela Memorial"]
[Site "Budapest"]
[Date "2016.01.09"]
[Round "4.10"]
[White "Vargyas, Zoltan"]
[Black "Palvolgyi, Istvan"]
[Result "1-0"]
[WhiteElo "2127"]
[BlackElo "1913"]
[PlyCount "120"]
[EventDate "2016.01.06"]
[EventType "swiss"]
[EventRounds "9"]
[EventCountry "HUN"]

1. e4 e5 2. Nf3 d6 3. d4 Nd7 4. Bc4 c6 5. O-O Be7 6. a4 a5 7. b3 Ngf6 8. Re1
O-O 9. Bb2 Qc7 10. Nbd2 Re8 11. Nf1 exd4 12. Nxd4 Ne5 13. Ng3 Nxc4 14. bxc4 Qb6
15. Bc3 Qc5 16. Qd3 Ng4 17. f4 Be6 18. h3 Nh6 19. Kh1 Bxc4 20. Qd2 Bf8 21. Rab1
Rab8 22. Bxa5 d5 23. Bc7 Rbc8 24. Bb6 Qe7 25. exd5 Qh4 26. Ndf5 Nxf5 27. Nxf5
Qf6 28. d6 Be6 29. d7 Qxf5 30. dxe8=Q Rxe8 31. Re5 Qg6 32. Rbe1 Qh6 33. Be3 f5
34. Bd4 Bd6 35. Rxf5 Rd8 36. Rg5 Bf8 37. Bxg7 Qxg5 38. fxg5 Rxd2 39. Bxf8 Kxf8
40. Rxe6 Rxc2 41. Rd6 b5 42. axb5 cxb5 43. Rb6 Rb2 44. Rb7 Kg8 45. Kh2 b4 46.
h4 b3 47. Kg3 Rb1 48. Kg4 b2 49. Kh5 Kf8 50. g3 Rg1 51. Rxb2 Rxg3 52. Kh6 Rh3
53. Kxh7 Rxh4+ 54. Kg6 Rg4 55. Rb8+ Ke7 56. Rb7+ Ke8 57. Kf6 Rg1 58. Rb8+ Kd7
59. g6 Rf1+ 60. Kg7 Kc7 1-0

[Event "Perenyi Bela Memorial"]
[Site "Budapest"]
[Date "2016.01.09"]
[Round "4.11"]
[White "Vass, Istvan"]
[Black "Ongut, Tamas Gunes"]
[Result "1/2-1/2"]
[WhiteElo "2046"]
[BlackElo "1904"]
[PlyCount "37"]
[EventDate "2016.01.06"]
[EventType "swiss"]
[EventRounds "9"]
[EventCountry "HUN"]

1. e4 e6 2. d4 d5 3. Be3 dxe4 4. Nd2 Nf6 5. f3 Nd5 6. Qe2 Nxe3 7. Qxe3 exf3 8.
Ngxf3 Be7 9. Bd3 Nd7 10. O-O Nf6 11. Kh1 c6 12. Ne5 Qc7 13. Qf3 Bd7 14. Ne4 h6
15. Rae1 Rf8 16. Qg3 O-O-O 17. Qxg7 Rg8 18. Qxf7 Nd5 19. Nxd7 1/2-1/2

[Event "Perenyi Bela Memorial"]
[Site "Budapest"]
[Date "2016.01.09"]
[Round "4.12"]
[White "Szlabey, Geza"]
[Black "Mezei, Csaba"]
[Result "0-1"]
[WhiteElo "1937"]
[BlackElo "2045"]
[PlyCount "100"]
[EventDate "2016.01.06"]
[EventType "swiss"]
[EventRounds "9"]
[EventCountry "HUN"]

1. e4 c5 2. Nf3 e6 3. Nc3 Nf6 4. d3 Nc6 5. Bf4 d6 6. Be2 h6 7. O-O Nd4 8. e5
Nxe2+ 9. Qxe2 dxe5 10. Bxe5 Bd7 11. a4 Be7 12. Nb5 O-O 13. Bc7 Qe8 14. Nd6 Bxd6
15. Bxd6 Bxa4 16. Bxf8 Kxf8 17. Ne5 Bc6 18. Qe3 b6 19. c3 Kg8 20. f4 Bb7 21.
Rae1 Rd8 22. g4 Nd7 23. Nc4 Nf8 24. Qg3 Qc6 25. Re3 Qd5 26. f5 f6 27. fxe6 Nxe6
28. h4 Kh7 29. Nd2 b5 30. Ne4 c4 31. dxc4 Qxc4 32. Nd6 Rxd6 33. Qxd6 Qxg4+ 34.
Qg3 Qc4 35. h5 Ng5 36. Re7 Qd5 37. Rxb7 Qxb7 38. Qd3+ Kg8 39. Rf5 a6 40. Rd5
Nf7 41. Qe4 Qc8 42. Kg2 Ne5 43. Rd6 Kh8 44. Qd4 Qf5 45. Rd8+ Kh7 46. Qf2 Qxh5
47. Qc2+ Ng6 48. Rd3 f5 49. Qd2 Qg4+ 50. Kh2 Ne5 0-1

[Event "Perenyi Bela Memorial"]
[Site "Budapest"]
[Date "2016.01.09"]
[Round "4.13"]
[White "Bodrogi, Laszlo"]
[Black "Ritter, Gabor Dr"]
[Result "0-1"]
[WhiteElo "1928"]
[BlackElo "2039"]
[PlyCount "100"]
[EventDate "2016.01.06"]
[EventType "swiss"]
[EventRounds "9"]
[EventCountry "HUN"]

1. d4 Nf6 2. c4 e6 3. Nc3 Bb4 4. Qc2 O-O 5. e4 Bxc3+ 6. bxc3 d6 7. Nf3 e5 8.
dxe5 dxe5 9. Ba3 Re8 10. Rd1 Nbd7 11. Nh4 b6 12. c5 Bb7 13. f3 Qc8 14. cxb6
axb6 15. Qc1 g6 16. Bc4 Ba6 17. Bb3 c5 18. c4 Bb7 19. Bb2 Nf8 20. Qg5 Qe6 21.
O-O Nh5 22. g3 f6 23. Qg4 Ng7 24. Ng2 Qxg4 25. fxg4 Re6 26. Rfe1 Kf7 27. Kf2
Ke7 28. Ke3 Nd7 29. Re2 Rd6 30. Rxd6 Kxd6 31. Rd2+ Ke7 32. Bc3 Ne6 33. Ne1 Ng5
34. Rd5 Ne6 35. Rd2 Nd4 36. Nf3 g5 37. Ne1 Nf8 38. Bd1 Ra3 39. Bb3 Nxb3 40.
axb3 Rxb3 41. Rc2 Ne6 42. Kd2 Bxe4 43. Ra2 Nd4 44. Ra7+ Ke6 45. h4 h6 46. Ra6
Bb1 47. Ra8 e4 48. Re8+ Kf7 49. Ra8 e3+ 50. Kc1 Ne2+ 0-1

[Event "Perenyi Bela Memorial"]
[Site "Budapest"]
[Date "2016.01.09"]
[Round "4.14"]
[White "Czumbel, Peter"]
[Black "Reznak, Attila"]
[Result "0-1"]
[WhiteElo "1825"]
[BlackElo "2337"]
[PlyCount "78"]
[EventDate "2016.01.06"]
[EventType "swiss"]
[EventRounds "9"]
[EventCountry "HUN"]

1. Nf3 c5 2. g3 g6 3. Bg2 Bg7 4. O-O Nc6 5. d3 Nf6 6. Nbd2 O-O 7. e4 d5 8. c3
e5 9. Qc2 h6 10. Rd1 Be6 11. Nb3 Qe7 12. exd5 Nxd5 13. Be3 Nxe3 14. fxe3 Rac8
15. d4 cxd4 16. exd4 exd4 17. Nbxd4 Nxd4 18. Nxd4 Bg4 19. Nf3 b5 20. Re1 Qf6
21. Qe4 Bf5 22. Qd4 Qxd4+ 23. Nxd4 Bxd4+ 24. cxd4 Rc2 25. Be4 Bxe4 26. Rxe4
Rxb2 27. Re7 a5 28. Rd1 Rc8 29. d5 Rcc2 30. d6 Rg2+ 31. Kf1 Rxh2 32. Kg1 Rbg2+
33. Kf1 Rd2 34. Rxd2 Rxd2 35. d7 Kg7 36. Re5 Rxd7 37. Rxb5 Rd3 38. Rxa5 Rxg3
39. a4 Ra3 0-1

[Event "Perenyi Bela Memorial"]
[Site "Budapest"]
[Date "2016.01.09"]
[Round "4.15"]
[White "Kovacsy, Barnabas"]
[Black "Farago, Sandor"]
[Result "0-1"]
[WhiteElo "1943"]
[BlackElo "2263"]
[PlyCount "82"]
[EventDate "2016.01.06"]
[EventType "swiss"]
[EventRounds "9"]
[EventCountry "HUN"]

1. e4 c5 2. Nf3 e6 3. d4 cxd4 4. Nxd4 Nc6 5. Nc3 a6 6. Nxc6 bxc6 7. Bd3 d5 8.
O-O Ne7 9. f4 g6 10. Qe2 Bg7 11. Bd2 O-O 12. Kh1 c5 13. Qf3 c4 14. Be2 Nc6 15.
e5 Nd4 16. Qf2 Nxc2 17. Rac1 Nb4 18. Ne4 Nxa2 19. Ra1 dxe4 20. Bxc4 Qc7 21.
Bxa2 Bb7 22. Rac1 Qd7 23. Bb4 Rfc8 24. Bd6 Qa4 25. Qb6 Qb5 26. Qxb5 axb5 27.
Bb1 Rxc1 28. Rxc1 Ra1 29. Kg1 e3 30. Kf1 f6 31. Ke2 fxe5 32. fxe5 Bh6 33. g4 b4
34. h4 Bf4 35. g5 b3 36. h5 Bxg5 37. hxg6 hxg6 38. Rg1 Ba6+ 39. Kf3 e2 40. Ke4
Rxb1 41. Rxb1 Bd2 0-1

[Event "Perenyi Bela Memorial"]
[Site "Budapest"]
[Date "2016.01.11"]
[Round "5.1"]
[White "Grimm, Daniel"]
[Black "Szalanczy, Emil"]
[Result "1-0"]
[WhiteElo "2319"]
[BlackElo "2267"]
[PlyCount "65"]
[EventDate "2016.01.06"]
[EventType "swiss"]
[EventRounds "9"]
[EventCountry "HUN"]

1. e4 c5 2. Nf3 d6 3. d4 cxd4 4. Nxd4 Nf6 5. Nc3 g6 6. Be3 Bg7 7. f3 Nc6 8. Qd2
O-O 9. O-O-O Nxd4 10. Bxd4 Qa5 11. Kb1 Be6 12. Nd5 Qd8 13. h4 Bxd5 14. exd5 Qc7
15. g4 Rac8 16. Rh2 e5 17. dxe6 fxe6 18. h5 gxh5 19. gxh5 h6 20. Bd3 e5 21. Be3
e4 22. Bxe4 Nxe4 23. fxe4 Qc4 24. Bxh6 Rf1 25. Rg2 Rc7 26. Bxg7 Rxd1+ 27. Qxd1
Rxg7 28. Qd5+ Qxd5 29. Rxg7+ Kxg7 30. exd5 Kh6 31. c4 Kxh5 32. c5 Kg6 33. c6
1-0

[Event "Perenyi Bela Memorial"]
[Site "Budapest"]
[Date "2016.01.11"]
[Round "5.2"]
[White "Lengyel, Bela"]
[Black "Mihalka, Zsolt"]
[Result "1/2-1/2"]
[WhiteElo "2246"]
[BlackElo "2233"]
[PlyCount "79"]
[EventDate "2016.01.06"]
[EventType "swiss"]
[EventRounds "9"]
[EventCountry "HUN"]

1. e4 g6 2. d4 d6 3. Nf3 Nf6 4. Nc3 Bg7 5. Be2 O-O 6. O-O Bg4 7. Be3 Nc6 8. Qd2
e5 9. d5 Ne7 10. Rad1 a6 11. a4 Bd7 12. Ne1 b5 13. axb5 axb5 14. Nd3 Nxe4 15.
Nxe4 f5 16. f3 fxe4 17. fxe4 Rxf1+ 18. Rxf1 c5 19. Nf2 Kh8 20. Ng4 Ng8 21. Bg5
Qc7 22. Nh6 Nxh6 23. Bxh6 Bxh6 24. Qxh6 Kg8 25. h4 Qd8 26. h5 Qh4 27. Rf7 Qe1+
28. Rf1 Qh4 29. Rf7 Qe1+ 30. Bf1 Kxf7 31. Qxh7+ Kf6 32. Qxg6+ Ke7 33. Qg5+ Kf7
34. Qg6+ Ke7 35. Qg7+ Kd8 36. Qf8+ Kc7 37. Qxa8 Qe3+ 38. Kh1 Qxe4 39. Qa5+ Kc8
40. Qa8+ 1/2-1/2

[Event "Perenyi Bela Memorial"]
[Site "Budapest"]
[Date "2016.01.11"]
[Round "5.3"]
[White "Orso, Miklos"]
[Black "Koczo, Kristof"]
[Result "1/2-1/2"]
[WhiteElo "2283"]
[BlackElo "2198"]
[PlyCount "158"]
[EventDate "2016.01.06"]
[EventType "swiss"]
[EventRounds "9"]
[EventCountry "HUN"]

1. e4 c5 2. Nc3 Nc6 3. f4 g6 4. Nf3 Bg7 5. Bc4 d6 6. O-O e6 7. d3 Nge7 8. Qe1
O-O 9. f5 exf5 10. Qh4 h5 11. Bg5 Qc7 12. Rae1 a6 13. a4 b6 14. Bf6 Bxf6 15.
Qxf6 Be6 16. Bxe6 fxe6 17. Qxe6+ Kg7 18. Ng5 Nd4 19. Ne2 Nxe2+ 20. Rxe2 Rae8
21. Qc4 Nc6 22. Ref2 Qe7 23. h4 Ne5 24. Qd5 Ng4 25. exf5 Nxf2 26. Ne6+ Kh8 27.
Nxf8 Rxf8 28. Rxf2 gxf5 29. g3 Qe5 30. Qf3 Qe8 31. Re2 Qg6 32. Kf2 Qg4 33. Qf4
Qxf4+ 34. gxf4 Kg7 35. Kf3 Kf6 36. Rg2 d5 37. Rg5 Rh8 38. Kf2 b5 39. a5 b4 40.
b3 d4 41. Kf3 Rh6 42. Rg8 Ke7 43. Rg7+ Ke6 44. Ra7 Kd5 45. Rd7+ Ke6 46. Rg7 Kd5
47. Kf2 Ke6 48. Rg8 Kd5 49. Rf8 Ke6 50. Rb8 Kd5 51. Rb7 Rg6 52. Re7 Rg4 53.
Re5+ Kc6 54. Rxf5 Rxh4 55. Rf6+ Kb5 56. Kf3 Rh2 57. Rh6 Rxc2 58. f5 Rc3 59. Ke4
Rxb3 60. f6 Rb1 61. Rxh5 Re1+ 62. Kd5 Rf1 63. Ke6 b3 64. Rh8 Kxa5 65. f7 Ka4
66. f8=Q Rxf8 67. Rxf8 Kb4 68. Kd5 a5 69. Rb8+ Kc3 70. Kxc5 a4 71. Kb5 Kxd3 72.
Kxa4 Kc2 73. Rc8+ Kb2 74. Kb4 d3 75. Rc3 d2 76. Rxb3+ Kc2 77. Rc3+ Kb2 78. Rd3
Kc2 79. Rxd2+ Kxd2 1/2-1/2

[Event "Perenyi Bela Memorial"]
[Site "Budapest"]
[Date "2016.01.11"]
[Round "5.4"]
[White "Mezei, Csaba"]
[Black "Nemeth, Zoltan"]
[Result "0-1"]
[WhiteElo "2045"]
[BlackElo "2299"]
[PlyCount "154"]
[EventDate "2016.01.06"]
[EventType "swiss"]
[EventRounds "9"]
[EventCountry "HUN"]

1. d4 Nf6 2. e3 b6 3. f4 Bb7 4. Nf3 g6 5. Bd3 Bg7 6. O-O O-O 7. c3 Ne4 8. Nbd2
Nxd2 9. Bxd2 d6 10. e4 e5 11. fxe5 dxe5 12. d5 h6 13. Qe2 a5 14. a4 Nd7 15. Bb5
Nc5 16. b4 Nb3 17. Ra2 Nxd2 18. Rxd2 Qd6 19. bxa5 Rxa5 20. Kh1 Rfa8 21. Ra2 Qc5
22. c4 c6 23. dxc6 Bxc6 24. Rfa1 R5a7 25. h3 Bb7 26. Rf1 Bc8 27. Nd2 Be6 28.
Nb3 Qb4 29. Nd2 Rc7 30. Qe3 Qc5 31. Qxc5 Rxc5 32. Rfa1 f5 33. a5 bxa5 34. Rxa5
Rxa5 35. Rxa5 Rc8 36. Ra6 Kf7 37. Bc6 fxe4 38. Bxe4 Rd8 39. Ra2 Bf8 40. Rc2 Kf6
41. Bf3 Rd4 42. Ne4+ Ke7 43. c5 Kd8 44. c6 Kc7 45. Nc3 Rc4 46. Be4 g5 47. Rf2
Bb4 48. Nd5+ Kd6 49. Nxb4 Rxe4 50. Nc2 Rf4 51. Kg1 Kxc6 52. Ne1 Kd6 53. Rd2+
Bd5 54. g3 Rf8 55. Rf2 Rh8 56. Rf6+ Be6 57. Kh2 e4 58. Ng2 Ke5 59. Rg6 Bd5 60.
h4 Kd4 61. Rd6 gxh4 62. gxh4 Ke5 63. Rg6 Be6 64. Kg3 Bf5 65. Ra6 Be6 66. Ra5+
Kd4 67. Ra6 Rg8+ 68. Kf2 Rf8+ 69. Kg3 Rf3+ 70. Kh2 Ke5 71. Ra5+ Bd5 72. Kg1 e3
73. Ra3 Kd4 74. Ra4+ Bc4 75. Ra8 Rf1+ 76. Kh2 Rf2 77. Kh3 Be6+ 0-1

[Event "Perenyi Bela Memorial"]
[Site "Budapest"]
[Date "2016.01.11"]
[Round "5.5"]
[White "Ritter, Gabor Dr"]
[Black "Balint, Vilmos"]
[Result "0-1"]
[WhiteElo "2039"]
[BlackElo "2261"]
[PlyCount "76"]
[EventDate "2016.01.06"]
[EventType "swiss"]
[EventRounds "9"]
[EventCountry "HUN"]

1. d4 Nf6 2. c4 e6 3. Nf3 c5 4. e3 a6 5. Nc3 d5 6. dxc5 Bxc5 7. cxd5 exd5 8.
Be2 Nc6 9. O-O O-O 10. Nd4 Re8 11. Nxc6 bxc6 12. Bf3 Bf5 13. b3 Nd7 14. Bb2 Ne5
15. Be2 Qh4 16. Na4 Bd6 17. g3 Qh3 18. Qd4 Bd3 19. f4 Bxe2 20. Rf2 Nf3+ 21.
Rxf3 Be5 22. fxe5 Bxf3 23. Qd2 Re6 24. Nc5 Rg6 25. Qf2 Be4 26. Rf1 Rf8 27. e6
f6 28. e7 Re8 29. Nxe4 dxe4 30. Ba3 Rg5 31. Rd1 Rd5 32. Rxd5 cxd5 33. Qd2 Qd7
34. Qd4 Kf7 35. Bc5 h5 36. Qd1 Rh8 37. Kg2 h4 38. g4 h3+ 0-1

[Event "Perenyi Bela Memorial"]
[Site "Budapest"]
[Date "2016.01.11"]
[Round "5.6"]
[White "Halak, Miklos"]
[Black "Czegledi, Barna Jr"]
[Result "1-0"]
[WhiteElo "2220"]
[BlackElo "2127"]
[PlyCount "83"]
[EventDate "2016.01.06"]
[EventType "swiss"]
[EventRounds "9"]
[EventCountry "HUN"]

1. e4 e6 2. d4 d5 3. Nc3 Bb4 4. Nge2 dxe4 5. a3 Be7 6. g4 Bd7 7. Rg1 c5 8. Nxe4
cxd4 9. Nxd4 Nf6 10. Bd3 Nxe4 11. Bxe4 Nc6 12. Be3 Bg5 13. Bxg5 Qxg5 14. Nxc6
Bxc6 15. Bxc6+ bxc6 16. Qd6 Qd5 17. Rd1 Qxd6 18. Rxd6 Rc8 19. Rg3 Ke7 20. Rgd3
Rhd8 21. Rxd8 Rxd8 22. Rxd8 Kxd8 23. Kd2 h6 24. Kd3 Kd7 25. Kd4 Kd6 26. b4 f5
27. gxf5 exf5 28. a4 a6 29. c4 g5 30. b5 c5+ 31. Ke3 Kc7 32. a5 axb5 33. cxb5
h5 34. Kd3 h4 35. Kc4 g4 36. Kxc5 f4 37. b6+ Kb7 38. Kb5 g3 39. a6+ Kb8 40. Kc6
gxh2 41. a7+ Ka8 42. b7+ 1-0

[Event "Perenyi Bela Memorial"]
[Site "Budapest"]
[Date "2016.01.11"]
[Round "5.7"]
[White "Boguszlavszkij, Jevgenyij"]
[Black "Vargyas, Zoltan"]
[Result "1-0"]
[WhiteElo "2193"]
[BlackElo "2127"]
[PlyCount "51"]
[EventDate "2016.01.06"]
[EventType "swiss"]
[EventRounds "9"]
[EventCountry "HUN"]

1. g3 c5 2. Bg2 Nc6 3. e4 g6 4. f4 d6 5. Nf3 Bg7 6. O-O Bd7 7. c3 Nh6 8. Na3
O-O 9. h3 Kh8 10. Kh2 e5 11. d3 Rb8 12. Nc4 Qe7 13. a4 b6 14. Be3 a6 15. Qd2 b5
16. axb5 axb5 17. Na5 b4 18. fxe5 Ng8 19. Nxc6 Bxc6 20. exd6 Qxd6 21. Bf4 Qd7
22. Ne5 Qe8 23. Nxc6 Qxc6 24. Bxb8 Rxb8 25. Rxf7 Be5 26. Raa7 1-0

[Event "Perenyi Bela Memorial"]
[Site "Budapest"]
[Date "2016.01.11"]
[Round "5.8"]
[White "Reznak, Attila"]
[Black "Karacsonyi, Gellert"]
[Result "1-0"]
[WhiteElo "2337"]
[BlackElo "2013"]
[PlyCount "61"]
[EventDate "2016.01.06"]
[EventType "swiss"]
[EventRounds "9"]
[EventCountry "HUN"]

1. b4 d5 2. Bb2 Bg4 3. c4 dxc4 4. Qc2 Nf6 5. Qxc4 Qd7 6. e3 g6 7. Nc3 Nc6 8.
Nf3 Bxf3 9. gxf3 O-O-O 10. d4 e5 11. b5 Nb4 12. Ne4 Nbd5 13. Nxf6 Nxf6 14.
O-O-O Bg7 15. h4 Kb8 16. Bh3 Qe7 17. dxe5 Nd7 18. Bxd7 Rxd7 19. Rxd7 Qxd7 20.
Rd1 Qe7 21. f4 Rc8 22. Qd5 c6 23. bxc6 Rxc6+ 24. Kb1 Qxh4 25. Qxf7 Bh8 26. Qf8+
Rc8 27. Qd6+ Ka8 28. Qd7 Kb8 29. Ba3 Rg8 30. Bd6+ Ka8 31. Be7 1-0

[Event "Perenyi Bela Memorial"]
[Site "Budapest"]
[Date "2016.01.11"]
[Round "5.9"]
[White "Farago, Sandor"]
[Black "Horvath, Jeno Kalman"]
[Result "1-0"]
[WhiteElo "2263"]
[BlackElo "1997"]
[PlyCount "71"]
[EventDate "2016.01.06"]
[EventType "swiss"]
[EventRounds "9"]
[EventCountry "HUN"]

1. e4 c5 2. Nf3 e6 3. d4 cxd4 4. Nxd4 a6 5. c4 Qc7 6. Nc3 Nf6 7. a3 d6 8. Be2
Be7 9. Be3 O-O 10. Rc1 b6 11. O-O Bb7 12. f3 Nbd7 13. Kh1 Rac8 14. b4 Rfe8 15.
Nb3 Qb8 16. Bf4 Nh5 17. Bd2 Nhf6 18. Be1 Ne5 19. Qd4 Nfd7 20. f4 Nc6 21. Qd3
Red8 22. Bg3 a5 23. Nd4 Nxd4 24. Qxd4 axb4 25. axb4 Bf6 26. Qe3 Bc6 27. Rfd1
Be7 28. Bf3 e5 29. f5 h6 30. h4 Rc7 31. Bf2 Ra7 32. Ra1 Qa8 33. Qe1 Rb8 34. b5
Bb7 35. Rxa7 Qxa7 36. Ra1 1-0

[Event "Perenyi Bela Memorial"]
[Site "Budapest"]
[Date "2016.01.11"]
[Round "5.10"]
[White "Rozsa, Sandor"]
[Black "Eperjesi, Laszlo Dr"]
[Result "1-0"]
[WhiteElo "1950"]
[BlackElo "2183"]
[PlyCount "83"]
[EventDate "2016.01.06"]
[EventType "swiss"]
[EventRounds "9"]
[EventCountry "HUN"]

1. e4 c6 2. d4 d5 3. e5 Bf5 4. Bd3 Bxd3 5. Qxd3 e6 6. Ne2 Qb6 7. Nd2 c5 8. c3
cxd4 9. cxd4 Nc6 10. a3 a5 11. O-O Qa6 12. Qe3 Nge7 13. Nf3 Nf5 14. Qd2 Qc4 15.
Rd1 a4 16. Qd3 Na5 17. g4 Ne7 18. Be3 Qxd3 19. Rxd3 Nc4 20. Rb1 h5 21. g5 Nc6
22. g6 Nxe3 23. fxe3 f6 24. exf6 gxf6 25. Nf4 Kd7 26. Kf2 Bd6 27. Rg1 Rag8 28.
b3 b5 29. bxa4 bxa4 30. Rdd1 Na5 31. Rb1 Nb3 32. Rb2 Rg7 33. Nd2 Nxd2 34. Rb7+
Bc7 35. Rxc7+ Kxc7 36. Nxe6+ Kd6 37. Nxg7 Ne4+ 38. Ke2 Rb8 39. Nxh5 Rb2+ 40.
Kf3 Rf2+ 41. Kg4 f5+ 42. Kh3 1-0

[Event "Perenyi Bela Memorial"]
[Site "Budapest"]
[Date "2016.01.11"]
[Round "5.11"]
[White "Grimm, Gyorgy"]
[Black "Letay, Gyula"]
[Result "0-1"]
[WhiteElo "2183"]
[BlackElo "1931"]
[PlyCount "78"]
[EventDate "2016.01.06"]
[EventType "swiss"]
[EventRounds "9"]
[EventCountry "HUN"]

1. e4 e5 2. Nf3 Nc6 3. Bb5 a6 4. Ba4 Nf6 5. d3 b5 6. Bb3 Bb7 7. O-O Bc5 8. Nc3
d6 9. a3 h6 10. Nd5 Nd4 11. Nxd4 Bxd4 12. Qf3 Nxd5 13. Bxd5 Bxd5 14. exd5 O-O {
=} 15. c3 Bb6 16. Be3 Bxe3 17. fxe3 f5 18. Qh5 Qg5 19. Qh3 Rae8 20. Rf3 f4 21.
e4 h5 22. Qd7 Re7 23. Qc6 Qh6 24. Qxa6 g5 25. a4 g4 26. Rff1 f3 27. Qa7 h4 28.
Qf2 g3 29. hxg3 hxg3 30. Qxg3+ Rg7 31. Rxf3 Rxg3 32. Rxg3+ Kf7 33. a5 Ke7 34.
a6 Ra8 35. a7 Kd7 36. Rh3 Qg7 37. Kf2 Kc8 38. c4 Kb7 39. c5 dxc5 0-1

[Event "Perenyi Bela Memorial"]
[Site "Budapest"]
[Date "2016.01.11"]
[Round "5.12"]
[White "Csapo, Zoltan"]
[Black "Gumanny, Evgeny"]
[Result "0-1"]
[WhiteElo "1976"]
[BlackElo "2139"]
[PlyCount "38"]
[EventDate "2016.01.06"]
[EventType "swiss"]
[EventRounds "9"]
[EventCountry "HUN"]

1. e4 e6 2. Nf3 d5 3. exd5 exd5 4. d4 Bd6 5. Bd3 Nf6 6. O-O O-O 7. Re1 c5 8. b3
Nc6 9. Ba3 b6 10. c3 Bg4 11. Be2 Re8 12. Nbd2 cxd4 13. Bxd6 dxc3 14. Bf4 cxd2
15. Qxd2 Ne4 16. Qb2 Nc5 17. h3 Bxf3 18. Bxf3 Rxe1+ 19. Rxe1 Nd3 0-1

[Event "Perenyi Bela Memorial"]
[Site "Budapest"]
[Date "2016.01.11"]
[Round "5.13"]
[White "Torok, Tamas Titusz"]
[Black "Bartuszek, Andras"]
[Result "1-0"]
[WhiteElo "2129"]
[BlackElo "1881"]
[PlyCount "114"]
[EventDate "2016.01.06"]
[EventType "swiss"]
[EventRounds "9"]
[EventCountry "HUN"]

1. b3 d5 2. Bb2 c5 3. e3 Bf5 4. Nf3 Nc6 5. d4 e6 6. Bd3 Bxd3 7. Qxd3 cxd4 8.
exd4 Nf6 9. a3 Be7 10. Nbd2 O-O 11. O-O Rc8 12. c4 Bd6 13. c5 Bb8 14. b4 Nh5
15. g3 f5 16. Ne5 Nxe5 17. dxe5 f4 18. Kh1 Qg5 19. Qe2 Qg6 20. Rg1 Qc2 21. Bd4
Rf7 22. Rac1 f3 23. Rxc2 fxe2 24. Re1 Rcf8 25. Rxe2 g5 26. h3 a6 27. Kg2 h6 28.
Rc3 Kh7 29. Rf3 Kg6 30. Rxf7 Rxf7 31. Nf3 Ng7 32. Bb2 h5 33. Nd4 g4 34. hxg4
hxg4 35. a4 Bc7 36. Bc3 Rf8 37. b5 axb5 38. Nxb5 Rf3 39. Rc2 Ne8 40. Nd6 Nxd6
41. exd6 Bd8 42. Bb2 Rb3 43. Re2 Kf5 44. Re5+ Kf6 45. Bd4 Rb4 46. Re4+ Kf7 47.
Rf4+ Ke8 48. Rxg4 e5 49. Rg8+ Kf7 50. Rxd8 exd4 51. Kf3 Rb2 52. g4 d3 53. Ke3
d2 54. Ke2 Rb4 55. Kxd2 Rxg4 56. Rd7+ Ke8 57. Rxb7 Rxa4 1-0

[Event "Perenyi Bela Memorial"]
[Site "Budapest"]
[Date "2016.01.11"]
[Round "5.14"]
[White "Ongut, Tamas Gunes"]
[Black "Piroska, Istvan"]
[Result "1-0"]
[WhiteElo "1904"]
[BlackElo "2104"]
[PlyCount "101"]
[EventDate "2016.01.06"]
[EventType "swiss"]
[EventRounds "9"]
[EventCountry "HUN"]

1. e4 e5 2. Nf3 Nc6 3. Bc4 Bc5 4. c3 Nf6 5. d4 exd4 6. cxd4 Bb4+ 7. Bd2 Bxd2+
8. Nbxd2 d5 9. exd5 Nxd5 10. O-O O-O 11. h3 Nb6 12. Bd3 Nxd4 13. Nxd4 Qxd4 14.
Qc2 h6 15. Nb3 Qf4 16. Rfe1 c6 17. Nc5 Nd5 18. a3 b6 19. Ne4 c5 20. Rad1 Be6
21. Ng3 Qg5 22. Qa4 h5 23. h4 Qf4 24. Be4 g6 25. Qc2 Rad8 26. Bxg6 fxg6 27.
Qxg6+ Kh8 28. Qxh5+ Kg8 29. Rxe6 Qxf2+ 30. Kh2 Qxg2+ 31. Kxg2 Nf4+ 32. Kh2 Nxh5
33. Rxd8 Rxd8 34. Nxh5 Rd2+ 35. Kh3 Rxb2 36. Re3 c4 37. Rg3+ Kf7 38. Nf4 Rb3
39. Rxb3 cxb3 40. Nd5 b5 41. Nc3 b2 42. Kg4 a5 43. Nb1 Kg6 44. Kf4 Kh5 45. Ke5
Kxh4 46. Kd5 Kg4 47. Kc5 Kf5 48. Kxb5 Ke4 49. Kxa5 Kd3 50. Kb4 Kc2 51. Nc3 1-0

[Event "Perenyi Bela Memorial"]
[Site "Budapest"]
[Date "2016.01.11"]
[Round "5.15"]
[White "Bensaid, Simon"]
[Black "Vass, Istvan"]
[Result "1/2-1/2"]
[WhiteElo "1810"]
[BlackElo "2046"]
[PlyCount "98"]
[EventDate "2016.01.06"]
[EventType "swiss"]
[EventRounds "9"]
[EventCountry "HUN"]

1. e4 c5 2. Nf3 d6 3. d4 cxd4 4. Nxd4 Nf6 5. Nc3 a6 6. Qf3 e5 7. Nf5 Bxf5 8.
Qxf5 Nc6 9. Bd3 Nd4 10. Qh3 Be7 11. Be3 h6 12. f4 Qd7 13. Qxd7+ Nxd7 14. Bxd4
exd4 15. Ne2 Bf6 16. h4 h5 17. Ng3 g6 18. O-O-O Rc8 19. Ne2 Ke7 20. Ng1 Rc5 21.
Nf3 Rhc8 22. Rd2 b5 23. Re1 Kf8 24. Rde2 Re8 25. Rd2 Kg7 26. g3 Nb8 27. Bf1 Nc6
28. Bh3 Re7 29. g4 hxg4 30. Bxg4 Nb4 31. a3 Nc6 32. Kb1 a5 33. Ree2 a4 34. Ne1
Bxh4 35. Nd3 Rc4 36. Rh2 Bf6 37. Be2 Rxe4 38. Bf3 Re3 39. Bd5 Na5 40. Bxc4 bxc4
41. Nb4 c3 42. Rde2 cxb2 43. Rxe3 dxe3 44. Nd5 Nc4 45. c3 Bd8 46. Re2 g5 47.
Nxe3 Nxe3 48. Rxe3 gxf4 49. Re4 Bf6 1/2-1/2

[Event "Perenyi Bela Memorial"]
[Site "Budapest"]
[Date "2016.01.12"]
[Round "6.1"]
[White "Nemeth, Zoltan"]
[Black "Grimm, Daniel"]
[Result "1/2-1/2"]
[WhiteElo "2299"]
[BlackElo "2319"]
[PlyCount "35"]
[EventDate "2016.01.06"]
[EventRounds "9"]
[EventCountry "HUN"]

1. c4 c6 2. Nc3 d5 3. e3 Nf6 4. Nf3 a6 5. d4 b5 6. cxd5 cxd5 7. Bd3 Bg4 8. O-O
e6 9. h3 Bh5 10. Qe2 Be7 11. e4 b4 12. e5 bxc3 13. exf6 Bxf6 14. bxc3 Bg6 15.
Bxg6 hxg6 16. Ba3 Nc6 17. Rfd1 Be7 18. Bxe7 1/2-1/2

[Event "Perenyi Bela Memorial"]
[Site "Budapest"]
[Date "2016.01.12"]
[Round "6.2"]
[White "Szalanczy, Emil"]
[Black "Halak, Miklos"]
[Result "1-0"]
[WhiteElo "2267"]
[BlackElo "2220"]
[PlyCount "133"]
[EventDate "2016.01.06"]
[EventRounds "9"]
[EventCountry "HUN"]

1. e4 e5 2. Nf3 Nc6 3. Bb5 a6 4. Ba4 d6 5. c3 Nge7 6. d4 Bd7 7. d5 Nb8 8. c4
Ng6 9. Nc3 Be7 10. Be3 O-O 11. h4 Nf4 12. Kf1 Bg4 13. Bxf4 exf4 14. Qd2 f5 15.
Qxf4 fxe4 16. Qxg4 exf3 17. Ne4 fxg2+ 18. Kxg2 Qc8 19. Qxc8 Rxc8 20. Rae1 Bf8
21. Ng5 h6 22. Ne6 b5 23. Bb3 Nd7 24. Rc1 b4 25. Ba4 Nc5 26. Bc6 Rab8 27. Rh3
Be7 28. Re1 Bf6 29. b3 Rb6 30. h5 Nxe6 31. Rxe6 Kf7 32. Rhe3 Rbb8 33. f4 Rd8
34. Kf3 Rf8 35. Kg4 Rfd8 36. Re2 Kf8 37. Kf5 Kf7 38. Rg2 Bc3 39. Rc2 Bd4 40.
Re4 Bf6 41. Ba4 a5 42. c5 Be7 43. Rce2 Bf8 44. cxd6 Bxd6 45. Bc6 Rbc8 46. Rc2
Rb8 47. Re6 Rf8 48. Ke4 Rfd8 49. Rg2 Bf8 50. f5 Bd6 51. Rgg6 Bf8 52. f6 Rb6 53.
Kf5 Rbb8 54. Re7+ Bxe7 55. Rxg7+ Kf8 56. Rxe7 a4 57. Kg6 axb3 58. axb3 Kg8 59.
Rg7+ Kh8 60. Rh7+ Kg8 61. Rxc7 Rd6 62. Bd7 Kh8 63. Be6 Rg8+ 64. Bxg8 Rxd5 65.
Rh7+ Kxg8 66. f7+ Kf8 67. Rh8+ 1-0

[Event "Perenyi Bela Memorial"]
[Site "Budapest"]
[Date "2016.01.12"]
[Round "6.3"]
[White "Balint, Vilmos"]
[Black "Boguszlavszkij, Jevgenyij"]
[Result "1-0"]
[WhiteElo "2261"]
[BlackElo "2193"]
[PlyCount "81"]
[EventDate "2016.01.06"]
[EventRounds "9"]
[EventCountry "HUN"]

1. Nf3 g6 2. g3 Bg7 3. d4 d5 4. Bg2 Nf6 5. c4 O-O 6. O-O Re8 7. Ne5 Be6 8. Qb3
dxc4 9. Qxb7 Bd5 10. Bxd5 Qxd5 11. Qxc7 Qxd4 12. Nc3 Nbd7 13. Nxd7 Qxd7 14.
Qxc4 Rac8 15. Qb3 Qh3 16. f3 Rc5 17. Be3 Rc7 18. Rad1 Qc8 19. Rd2 h5 20. Qa4
Qe6 21. Bf2 Rec8 22. Rfd1 a6 23. Rd8+ Kh7 24. Rxc8 Rxc8 25. Rd3 Rb8 26. Qa3 Bh6
27. b3 Rc8 28. Qb2 Qc6 29. Bd4 Nd5 30. Nxd5 Qxd5 31. f4 e6 32. Bf6 Qc6 33. Qd4
Bf8 34. b4 Qb7 35. a3 a5 36. Qd7 Rc1+ 37. Kf2 Rc7 38. Qe8 Rc8 39. Rd8 Qb6+ 40.
Kg2 Qb7+ 41. Kh3 1-0